000 01358cam a22002054a 4500
005 20250605164121.0
008 250528s ||||||||||||||||||||||||d
035 _a18289
020 _a9603301221
040 _aGR-AtMCL
_bgre
_dGR-AtMCL
_eAACR2
245 1 _aΑρχές Βιομηχανικών Αεριοστρόβιλων
260 _c2001
300 _a272
520 _aΓενικές Αρχές Λειτουργίας και Διαμόρφωση των Βιομηχανικών Αεριοστρόβιλων, Γενικές Γνώσεις από τη Θερμοδυναμική και τη Ρευστομηχανική, Θεμελιώδεις Ιδιότητες και Εξισώσεις της Καύσεως, Θεωρητικοί Κύκλοι Αεριοστρόβιλων, Θάλαμοι Καύσεως και Καύση στους Αεριοστρόβιλους, Στροβιλομηχανές και Στοιχειώδης Θεωρία Ροής, Πραγματικός Κύκλος Λειτουργίας Αεριοστρόβιλων, Επίδοση του Αεριοστρόβιλου σε Συνθήκες Εκτός του Σημείου Σχεδιάσεως, Παραρτήματα.
700 1 _aFountas
_94564
700 1 _aΡακόπουλος Κωνσταντίνος Δ
_94565
942 _cBK
999 _c3655
_d3655